[Event "NED-ch 2003"]
[Site "Leeuwarden"]
[Date "2003.06.27"]
[Round "2"]
[White "Van Wely, Loek"]
[Black "Van den Doel, Erik"]
[Result "1-0"]
[WhiteElo "2675"]
[BlackElo "2588"]
[Annotator "Huzman"]
[PlyCount "95"]
[EventDate "2003.06.26"]
[Source "ChessBase"]
[SourceDate "2003.09.25"]

1. d4 d5 2. c4 dxc4 3. Nf3 e6 4. e3 c5 5. Bxc4 a6 6. O-O Nf6 7. dxc5 Bxc5 8.
Qxd8+ Kxd8 9. Ne5 Ke7 10. Be2 Nbd7 11. Nc4 (11. Nd3 Bd6 12. Nd2 Nc5 (12... b5
13. Nb3 (13. Bf3 Rb8 14. b3 Ne5 15. Nxe5 Bxe5 16. Rb1 Rd8 17. Bb2 Bxb2 18. Rxb2
Bb7 19. Rc1 Bxf3 20. gxf3 Rbc8 21. Rbc2 Rxc2 22. Rxc2 Nd5 23. a3 Rd7 24. f4 {
1/2-1/2 Thorsteinsson,T-Thorarinsson,P/Seltjarnarnes 2002/CBM 89 ext (24)})
13... Nb6 $6 14. Na5 $1 Bd7 15. Nb7 $1 $16 {
1-0 Zubarev,A-Savon,V/Ordzhonikidze 2001/CBM 86/[Huzman] (27)}) 13. Nc4 Nxd3
14. Bxd3 Bc5 15. Be2 Rd8 (15... Bd7 16. Bf3 Bb5 17. b3 Bxc4 18. bxc4 Ra7 19.
Bb2 b6 20. Rfd1 Rc8 $11 {
1/2-1/2 Van Wely,L-Shirov,A/Monte Carlo 2003/CBM 93 ext (62)}) 16. b3 Bd7 17.
Bf3 Nd5 18. Bb2 f6 19. Rac1 Rdc8 20. Rfd1 b5 21. e4 Nb4 22. e5 Nxa2 23. Rc2 Nb4
24. Rcd2 Bc6 25. Bxc6 Nxc6 26. exf6+ gxf6 27. Rd7+ Ke8 28. Ne3 Be7 $17 {
0-1 Van Wely,L-Shirov,A/Wijk aan Zee NED 2003/(40)}) 11... b5 (11... Rd8 12.
Nbd2 Nb6 13. Nb3 Nxc4 14. Nxc5 $14) 12. Na5 Ne5 13. Bd2 (13. Nd2 $5 Bb6 (13...
Bd7 14. Ndb3 $14) 14. Ndb3 Rd8 $5 15. f4 Nd3 16. Nc6+ Ke8 17. Nxd8 Nxc1 18.
Nxc1 Bxe3+ 19. Kh1 Kxd8 20. Bf3 $14) 13... Ne4 14. Rc1 Bd6 (14... Nxd2 15. Rxc5
Nxb1 16. Rxb1 $16) 15. Be1 Bd7 16. f4 Rac8 $5 {Though the piece sac is quite
forced, it provides Black with some drawing chances.} (16... Ng6 17. Bf3 f5 18.
Nd2 Bc5 19. Nxe4 Bxe3+ 20. Nf2 Bxc1 21. Bb4+ Kf7 (21... Kf6 22. Bc3+ Kf7 23.
Bxa8 $18) 22. Rxc1 Rac8 23. Rd1 $18) 17. Rxc8 Rxc8 18. fxe5 Bxe5 $44 19. Bb4+
Ke8 20. Nc3 Nxc3 21. bxc3 Bxc3 22. Bxc3 Rxc3 23. Kf2 Rc2 $1 24. Ke1 e5 25. Kd1
Rc3 (25... Rb2 26. Nb3 Be6 27. Nc5 Bc4 28. Bxc4 bxc4 29. Rc1 Rxg2 (29... Rxa2
30. Rc2 $18) 30. Rc2 Rg1+ 31. Kd2 $16) 26. Kd2 Ra3 27. Nb3 a5 28. Nc1 (28. Nc5
Bc6 29. Bf3 Bxf3 30. gxf3 b4 $44) 28... b4 29. Bc4 Ke7 30. Nd3 Be6 $6 (30... f6
31. Rc1 (31. Nc5 Bc6 32. g3 Kd6 $44) 31... Be6 32. Bxe6 Kxe6 33. Rc2 Kd5 34.
Nc1 $16) 31. Nxe5 b3 32. Kc3 Rxa2 $2 (32... bxa2+ 33. Kd2 (33. Kd4 Ra4) 33...
Kf6 (33... f5 34. Nc6+ Kd6 35. Bxe6 Kxe6 36. Nd4+ Ke5 37. Nc2 Ra4 38. Kc3 $18)
34. Bxe6 Kxe6 35. Nc4 Ra4 36. Nb2 Ra3 $16) 33. Rxa2 bxa2 34. Kb2 Kf6 35. Bxe6
Kxe6 36. Nf3 Kd5 37. Nd2 $1 g5 38. Kxa2 f5 39. Kb3 f4 40. e4+ Ke6 (40... Kd4
41. Nf3+ Kxe4 42. Nxg5+ Ke3 43. Nxh7 f3 44. gxf3 Kxf3 45. Nf6 Kf4 46. Ka4 Kf5
47. Nh5 Kg4 48. Ng3 Kh3 49. Nf1 $18) 41. Kc3 g4 (41... Ke5 42. Kd3 a4 43. Nf3+
Kf6 44. e5+ Kf5 45. e6 Kxe6 46. Nxg5+ Kf5 47. Nxh7 a3 48. Kc2 $18) 42. Kd4 h5
43. e5 h4 (43... a4 44. Ke4 $18) 44. h3 $1 a4 (44... f3 45. Nxf3 $1 gxf3 46.
gxf3 a4 47. f4 $18) (44... gxh3 45. gxh3 a4 46. Nf3 $18) 45. hxg4 a3 46. Kc3
Kxe5 47. Nf3+ Ke4 48. Nxh4 1-0

[Event "NED-ch 2003"]
[Site "Leeuwarden"]
[Date "2003.06.29"]
[Round "4"]
[White "Delemarre, Jop"]
[Black "Ernst, Sipke"]
[Result "1-0"]
[WhiteElo "2418"]
[BlackElo "2475"]
[Annotator "Ftacnik"]
[PlyCount "69"]
[EventDate "2003.06.26"]
[Source "ChessBase"]
[SourceDate "2003.09.25"]

1. d4 Nf6 2. c4 g6 3. Nc3 d5 4. Nf3 Bg7 5. Bg5 Ne4 6. cxd5 Nxg5 7. Nxg5 e6 8.
Qd2 exd5 9. Qe3+ Kf8 10. Qf4 Bf6 11. h4 h6 12. Nxd5 Bxg5 13. Qe5 Rh7 14. hxg5
Nc6 15. Qe4 Bf5 16. Qf3 Nxd4 17. Qa3+ Kg7 18. Ne3 Qxg5 19. Qc3 Qf6 20. O-O-O
Nb5 $146 {Black is trying to improve on the standard move 20...c5, but the
knight on b5 is strangely exposed.} (20... c5 21. Nxf5+ Nxf5 22. Rd7 (22. e4
Nd4 23. Qxc5 Rd8 24. f3 Rhh8 25. Qa3 Rd7 26. Qc3 Rhd8 27. Kb1 {
1-0 Comp Fritz 3-Ftacnik,L/Brno 1995/ (43)}) (22. e3 Rb8 23. Rd7 Qxc3+ 24. bxc3
Kf8 25. Be2 a6 26. Rhd1 b5 27. Ra7 Rb6 28. Rd8+ Kg7 29. Rdd7 {
1-0 Schaefer,M-Karr,J/Porto San Giorgio 2002/ (39)}) 22... b6 (22... Rhh8 23.
Qxf6+ Kxf6 24. g4 Nd4 25. Rxb7 h5 26. g5+ Kxg5 27. e3 Nf5 28. Rxf7 Rhf8 {
1/2-1/2 Rajkovic,D-Vukanovic,S/Nis 1998/ (42)}) (22... b5 23. e3 b4 24. Qxf6+
Kxf6 25. Bc4 h5 26. Rhd1 h4 27. R1d5 {
1-0 Cifuentes Parada,R-Ramiro Ovejero,J/Aragon 1999/ (41)}) 23. e3 Qxc3+ 24.
bxc3 h5 25. Bc4 Nh6 26. Bd5 Rf8 27. Rxa7 Ng4 28. Rf1 g5 29. Be6 Rh6 {
1/2-1/2 Bogdanovich,G-Smejkal,J/Germany 1995/ (46)}) (20... Ne6 21. Nxf5+ gxf5
22. e3 Qxc3+ 23. bxc3 Rhh8 24. Rd5 Kf6 25. Bd3 Ng7 26. Kc2 h5 27. Rd7 Ne6 28.
Rd5 {1-0 Teran Alvarez,I-Tsuboi,E/Havana 1998/ (90)}) 21. Nxf5+ gxf5 22. Qg3+ (
22. Qf3 Nd6 23. e3 $14) 22... Kh8 (22... Qg5+ $5 23. Qxg5+ hxg5 24. Rxh7+ Kxh7
25. e4 Nd6 26. e5 Ne4 27. Rd7 Re8 28. f3 Ng3 29. Bd3 Kg6 (29... Rxe5 30. Rxf7+
Kg6 31. Rxc7 Re1+ 32. Kd2 Rg1 33. Rxb7 $14) 30. Rxc7 Rxe5 31. Kd2 Ra5 $11) 23.
e4 (23. e3 Nd6 24. Bd3 Rg7 25. Qf3 $16) 23... Nd4 (23... Rg8 $5 24. Qb3 Nd6 25.
exf5 Rg5 (25... Qxf5 26. Bd3 Qc5+ 27. Kb1 f5 28. Qe6 Rxg2 29. Rdg1 $18) 26. g3
Ne4 27. Rh2 Rxf5 28. Qb4 Nc5 $11) 24. e5 (24. exf5 c5 25. Qc7 b6 26. Bd3 $14)
24... Qb6 (24... Qc6+ 25. Qc3 Qxc3+ 26. bxc3 Nc6 27. f4 f6 (27... Rg8 28. Rh5
Rg3 29. Kc2 Rg4 30. Rxf5 Ne7 31. Rf6 Ng8 32. Rd8 Kg7 33. Bd3 $1 Rxg2+ 34. Kb3
$16) 28. e6 Rg8 29. Rh3 $14) 25. Bc4 Rg8 $2 {
Serious mistake enabling Delemarre to start a dangerous kingside attack.} (
25... c5 26. Qe3 Qg6 27. Rh2 $14) 26. Qh4 c5 (26... Rg4 27. Qe7 Nc6 28. Qf6+
Kg8 29. Bd5 $16) 27. e6 $1 fxe6 (27... Nxe6 28. Qf6+ Ng7 29. Qxf7 Re8 30. Rd7
$18) 28. Qf6+ Rgg7 29. Qf8+ Rg8 30. Qf6+ Rgg7 31. Rxd4 {
Black rooks are so poor, that white had a choice of winning continuations.} (
31. Rhe1 Qc7 32. Rxe6 Nxe6 33. Bxe6 Qf4+ 34. Kb1 Qe4+ 35. Ka1 $18) 31... cxd4
32. Bxe6 (32. Rd1 h5 33. Rxd4 $18) 32... Qc6+ (32... Qd6 33. Kb1 d3 34. Rc1 $18
) 33. Kb1 Qe4+ 34. Ka1 Qxg2 35. Rc1 1-0

[Event "NED-ch 2003"]
[Site "Leeuwarden"]
[Date "2003.06.29"]
[Round "4"]
[White "Van Wely, Loek"]
[Black "Janssen, Ruud"]
[Result "1-0"]
[WhiteElo "2675"]
[BlackElo "2483"]
[Annotator "Psakhis"]
[PlyCount "72"]
[EventDate "2003.06.26"]
[Source "ChessBase"]
[SourceDate "2003.09.25"]

1. d4 e6 2. e4 d5 3. e5 c5 4. c3 Bd7 5. Nf3 Qb6 6. Be2 cxd4 (6... Bb5 7. c4 $5)
7. cxd4 Bb5 8. Nc3 Bxe2 9. Nxe2 Nc6 (9... Ne7 10. O-O Nec6 11. Rb1 a5 12. Be3
Nd7 13. h4 Be7 14. Bg5 h6 15. Bxe7 Nxe7 16. Qd2 O-O 17. Rbc1 Rfc8 18. h5 Qb4
$13 {Grischuk,A-Gurevich,M/Cannes 2001/CBM 82/[Psakhis]/0-1 (56)}) 10. h4 $146
(10. O-O Nge7 11. Rb1 (11. Ng3 Rc8 12. Be3 g6 13. Bg5 Bg7 14. Qd2 h6 15. Bf6
Bxf6 16. exf6 Ng8 17. Rfe1 $36 {Nunn-Polgar,J/Monaco 1994/0-1 (41)}) 11... Ng6
12. h4 h5 13. b4 Qd8 14. b5 Na5 15. g3 Ne7 16. Bg5 Qd7 17. Nf4 $36 {
1/2-1/2 Sakaev,K-Anastasian,A/Dubai op 2003}) 10... a5 11. h5 h6 12. Kf1 a4 13.
g3 a3 14. b3 Nge7 {Black is trying to take advantage of White's last move to
occupy in future weak square   c3.} 15. Kg2 Nc8 16. g4 N8a7 17. Be3 Nb5 {
All those moves were so typical, that I had big troubles to write any comments
to them!} 18. Rh3 Rc8 19. Ne1 Nb4 20. f4 Nc3 (20... Be7 21. f5 Qc6 (21... Kd7
$5)) 21. Nxc3 Rxc3 22. f5 Be7 23. Qd2 ({
The following does not give anything good to White} 23. Bxh6 $2 Rxh3 24. Bxg7
Rh4 $5 25. Bxh8 exf5 26. Nf3 Rxg4+ 27. Kf1 Qh6 $19) 23... Qc7 24. Bf4 Rc6 $2 {
Playing pretty good and interesting chess up to here, Janssen did not bear the
pressure of the struggle.} (24... Rxh3 $140 $1 25. Rc1 (25. Kxh3 exf5 26. gxf5
Qd7) 25... Qd7 26. fxe6 Qxe6 27. Kxh3 g6 $5 $36) 25. f6 $1 gxf6 26. exf6 Bd6 $8
27. Bxd6 Qxd6 28. Rc3 Kd7 $6 (28... Rg8 $140 $5) 29. Nf3 $36 Rxc3 30. Qxc3 Nc6
31. Qe3 (31. b4 $5) 31... Kc7 (31... Rg8 32. Kh3) (31... Qb4 32. Rc1) 32. Kh3
Kb8 33. Rc1 Ka7 ({The following deserves consideration} 33... Qb4 $5 34. Ne5
Nxe5 (34... Nxd4 35. Nxf7 $18) 35. Qxe5+ Ka7) 34. Ne5 $1 {White's advantage
can be seen with the naked eye but it is difficult to believe that Black will
make just three moves up to end of the game.} 34... Nxe5 35. dxe5+ Qb6 $4 (
35... d4 36. exd6 dxe3 37. Kg3 $16) 36. Rc5 $1 Qb4 1-0

[Event "NED-ch 2003"]
[Site "Leeuwarden"]
[Date "2003.07.04"]
[Round "8"]
[White "Ernst, Sipke"]
[Black "Janssen, Ruud"]
[Result "0-1"]
[WhiteElo "2475"]
[BlackElo "2483"]
[PlyCount "69"]
[EventDate "2003.06.26"]
[Source "ChessBase"]
[SourceDate "2003.09.25"]

1. d4 Nf6 2. c4 e6 3. Nc3 Bb4 4. e3 O-O 5. Bd3 d5 6. Nge2 dxc4 7. Bxc4 b6 8. a3
Be7 9. O-O Bb7 10. Qc2 Nbd7 11. Rd1 c5 12. dxc5 Qc7 13. b4 bxc5 14. b5 Ne5 15.
Ba2 c4 16. Rd4 Rfd8 17. Ng3 Rxd4 18. exd4 Nd3 19. Bg5 h6 20. Bxf6 Bxf6 21. Nce2
Rc8 22. Qc3 Qd6 23. Rb1 Qd5 24. f3 Qg5 25. h3 Bd5 26. Rd1 Qe3+ 27. Kh2 e5 28.
Qa5 exd4 29. b6 Rc5 30. Qxa7 Be5 31. b7 Bxb7 32. Rxd3 cxd3 33. Qxb7 Rc7 34.
Qb8+ Kh7 35. Ng1 0-1

[Event "NED-ch 2003"]
[Site "Leeuwarden"]
[Date "2003.07.05"]
[Round "9"]
[White "Nijboer, Friso"]
[Black "Ernst, Sipke"]
[Result "1/2-1/2"]
[WhiteElo "2562"]
[BlackElo "2475"]
[Annotator "Postny"]
[PlyCount "83"]
[EventDate "2003.06.26"]
[Source "ChessBase"]
[SourceDate "2003.09.25"]

1. e4 e5 2. Nf3 Nc6 3. Bb5 a6 4. Ba4 Nf6 5. O-O Nxe4 6. d4 b5 7. Bb3 d5 8. dxe5
Be6 9. Nbd2 Be7 10. c3 O-O 11. Bc2 f5 12. Nb3 (12. exf6 {
- see the commented game Shirov,A-Kortschnoj,V/Reykjavik 2003/CBM 94 [Postny]})
12... Qd7 13. Nfd4 Nxd4 14. Nxd4 (14. cxd4 a5 15. f3 a4 16. fxe4 axb3 17. Bxb3
fxe4 18. Be3 Rxf1+ 19. Qxf1 Rf8 20. Qe2 h6 21. Rf1 Rxf1+ 22. Qxf1 Qc6 23. Qe2
b4 24. Qc2 Qxc2 25. Bxc2 Kf7 26. Ba4 Bc8 27. Bc6 Ke6 28. Kf2 Ba6 29. Bc1 Bc4 {
1/2-1/2 Gruenfeld,Y-Tal,M/Riga 1979/IZT (29)}) 14... c5 15. Nxe6 (15. Ne2 Rad8
16. Nf4 Qc6 {
- see the game Fischer,R-Unzicker,W/Piatigorsky-Cup 1966/MCL [Ftacnik]}) 15...
Qxe6 16. Re1 ({Probably more precise is} 16. f3 Ng5 17. a4 {
- see the game Ricardi,P-Sorin,A/Buenos Aires 1996/CBM 53 [Wedberg]}) 16...
Rad8 17. f3 Ng5 18. a4 Qb6 $146 (18... b4 19. cxb4 c4 20. Qd4 Qc6 21. Bxg5 Bxg5
22. e6 Be7 23. Kh1 g6 24. a5 Rd6 25. Ba4 Qb7 26. Re2 Rb8 27. Bd7 Qxb4 28. h4 h5
29. g4 $1 $14 {1/2-1/2 Milos,G-Sorin,A/Sao Paulo 1997/EXT 2001 (41)}) 19. axb5
axb5 20. Bxg5 {
White should take the knight, otherwise it will be excellently placed on e6.}
20... Bxg5 21. f4 Be7 $11 (21... Bxf4 $6 22. e6 $36) 22. Kh1 c4 23. Qf3 b4 24.
g4 {Both sides are consequently carrying out their plans. The chances are
approximately equal.} 24... fxg4 25. Qxg4 b3 26. Rg1 (26. Bf5 $6 g6 (26... d4
$2 27. Rg1 Qc6+ 28. Rg2 g6 29. Be6+ Kg7 30. f5 $40) 27. Be6+ Kh8 $15) 26... g6
27. Bxg6 $1 {I guess, that this sacrifice based mainly on intuition, since all
the consequences can hardly be calculated. On the other hand this sacrificed
is practically forced, since 27.Bb1 looks rather unattractive for white.} (27.
Bb1 $6 Bc5 $17) 27... hxg6 28. f5 d4 29. Raf1 Rf7 $1 (29... dxc3 30. f6 Qb7+
31. Rg2 Bxf6 32. exf6 $40) (29... Qc6+ 30. Rg2 Rf7 31. cxd4 $40) 30. Qe4 (30.
f6 $2 Qc6+ 31. Rg2 Bxf6 32. Qxg6+ Rg7 33. Rxf6 Qxg2+ $1 34. Kxg2 dxc3 $19)
30... Kh8 31. Rf3 $6 ({The immediate} 31. f6 {was preferable.}) 31... Rh7 $1
32. f6 (32. Rxg6 Qa7 33. f6 dxc3 $17) 32... Bxf6 $6 ({The critical line was} 
32... Bc5 33. e6 Qc7 34. h3 dxc3 35. e7 Bxe7 36. fxe7 Qxe7 37. Qxc4 c2 $17) 33.
Rxf6 Qb7 34. Rc6 {
White is avoiding the exchange of queens, but the draw is already inevitable.}
34... dxc3 35. Qxg6 Rf8 36. bxc3 b2 37. Rd1 Qe7 (37... Qf7 38. Qxf7 Rhxf7 39.
Rg1 $8 $11) 38. Rf6 Rd8 39. Rxd8+ Qxd8 40. Rf1 Qa8+ 41. Qg2 Qxg2+ 42. Kxg2 (42.
Kxg2 Rg7+ 43. Kh3 $8 Rg5 44. Rb1 Rxe5 45. Rxb2 Re3+ $11) 1/2-1/2